00265nam a2200109Ia 4500008004100000100002000041245003000061260002800091650001200119942000700131999001700138190216s9999||||xx |||||||||||||| ||und|| aDr.Bhaskaran .t 0aBharathiya Kavya Sasthram bKerala Bhasha Institute aPadanam cBK c25438d25438